000 01122cam a2200277 a 4500
001 000006941
005 20240302073956.0
008 870608s1986 cu a b 000 0bspa
040 _aDO-SdBNP
_bspa
_cBNPHU
082 _a923.57293
_bG633Bu
100 1 _aBuznego Rodríguez, Enrique,
_d1853-1895
_919263
245 1 0 _aMayor general Máximo Gómez Báez :
_bsus campañas militares /
_cEnrique Buznego Rodríguez, Gustavo Pedroso Xiqués, Rolando Zulueta Zulueta ; edición Elsa Pérez Guerra.
260 _aLa Habana :
_bPolítica,
_c1986.
300 _av. :
_bil., mapas, retrs. ;
_c23 cm.
504 _aBibliografía : p. 271-277.
505 0 _av. 2. 1895-1898.
500 _aLa biblioteca posee el volumen 2
600 1 0 _aGómez, Máximo,
_d1836-1905
_912249
651 4 _aCuba
_xHistoria
_yGUERRA DE LOS DIEZ AÑOS, 1868-1878
_911018
651 4 _aCuba
_xHistoria
_yGUERRA DE INDEPENDENCIA, 1895-1898
_911019
700 1 _aPedroso Xiqués, Gustavo.
_919264
700 1 _aZulueta Zulueta, Rolando.
_919265
700 1 _aPérez Guerra, Elsa
_eed.
_919266
910 _aValidado. Control de calidad BNPHU
049 _aBNPD
999 _c6725
_d6725